[Event "5th Marlboro Classic"]
[Site "Manila/Bauang PHI"]
[Date "1977.11.04"]
[Round "12"]
[White "Naranja, Renato"]
[Black "Cardoso, Rodolfo Tan"]
[WhiteElo "2345"]
[BlackElo "2320"]
[Result "1/2-1/2"]
[EventDate "1977.10.21"]
[PlyCount "37"]

1.c4 Nf6 2.Nc3 g6 3.g3 d5 4.cxd5 Nxd5 5.Bg2 Nxc3 6.bxc3 Bg7 7.Rb1 c6 8.Qa4
O-O 9.Nf3 Nd7 10.O-O Nb6 11.Qc2 e5 12.d3 h6 13.c4 Re8 14.Nd2 Nd7 15.c5 Bf8
16.Ba3 Nf6 17.Nc4 Re6 18.Rfc1 Ne8 19.Qb3 1/2-1/2

[Event "5th Marlboro Classic"]
[Site "Manila/Bauang PHI"]
[Date "1977.11.04"]
[Round "12"]
[White "Sampouw, Jacobus Sawandar"]
[Black "Kouatly, Bachar"]
[WhiteElo "2315"]
[BlackElo "2340"]
[Result "1/2-1/2"]
[EventDate "1977.10.21"]
[PlyCount "142"]

1.e4 c5 2.Nf3 Nc6 3.d4 cxd4 4.Nxd4 Nf6 5.Nc3 e5 6.Ndb5 d6 7.Bg5 a6 8.Bxf6 
gxf6 9.Na3 b5 10.Nd5 f5 11.exf5 Bxf5 12.Bd3 e4 13.g4 Be6 14.Bxe4 Bg7 15.c3
O-O 16.Nc2 Qh4 17.Nce3 f5 18.Ng2 Qg5 19.h4 Qg6 20.Ndf4 Qe8 21.Qxd6 Bc4 22.
Qxc6 Qe5 23.O-O-O fxe4 24.Rhe1 Rae8 25.Nh5 Rxf2 26.Rd7 Bh8 27.Qh6 Bf7 28.
Rd2 Rxd2 29.Qxd2 b4 30.cxb4 Bxa2 31.Qg5+ Qxg5+ 32.hxg5 Kf7 33.Nf6 Bxf6 34.
gxf6 Kxf6 35.Rh1 e3 36.Rxh7 Bc4 37.Kd1 Bb5 38.Rh5 e2+ 39.Ke1 Rd8 40.Rf5+ 
Kg7 41.Ne3 Re8 42.Nd5 Re4 43.Rf4 Re5 44.Nc3 Bd3 45.Rf2 Kg6 46.Nxe2 Re4 47.
Kd2 Bxe2 48.Rxe2 Rxb4 49.Kc3 Rxg4 50.Re6+ Kf7 51.Rxa6 Ke7 52.Rc6 Kd7 53.
Rc4 Rg6 54.Rc5 Rb6 55.b3 Kd6 56.Rc8 Kd7 57.Rc5 Kd6 58.Rh5 Kc7 59.Kc4 Rg6 
60.b4 Rg4+ 61.Kb5 Kb7 62.Ka5 Rg1 63.Rh7+ Kb8 64.Rh6 Kb7 65.Rh7+ Ka8 66.Rc7
Kb8 67.Kb6 Rg6+ 68.Rc6 Rg8 69.b5 Rh8 70.Rg6 Rf8 71.Ka6 Rh8 1/2-1/2

[Event "5th Marlboro Classic"]
[Site "Manila/Bauang PHI"]
[Date "1977.11.04"]
[Round "12"]
[White "Sharif, Mehrshad"]
[Black "Balinas, Rosendo Carrean"]
[WhiteElo "2360"]
[BlackElo "2420"]
[Result "1-0"]
[EventDate "1977.10.21"]
[PlyCount "126"]

1.e4 c5 2.Nf3 d6 3.d4 cxd4 4.Qxd4 Nc6 5.Bb5 Bd7 6.Bxc6 Bxc6 7.Nc3 Nf6 8.
Bg5 e6 9.O-O-O Be7 10.Rhe1 O-O 11.Kb1 Qa5 12.Qd2 Kh8 13.Nd4 Rfd8 14.f4 Ng8
15.Bxe7 Nxe7 16.Re3 e5 17.Nb3 Qc7 18.Rd3 exf4 19.Qxf4 Ng6 20.Qd2 Re8 21.
Rxd6 b5 22.Qd4 Ne5 23.Qc5 Rac8 24.Nd4 b4 25.Ncb5 Bxb5 26.Qxc7 Rxc7 27.Nxb5
Rce7 28.Rd8 Nc6 29.Rxe8+ Rxe8 30.Nd6 Re7 31.Rd5 g6 32.Rc5 Nd4 33.Rc4 Nf5 
34.Nxf7+ Kg7 35.Ng5 Ne3 36.Rxb4 h6 37.Nf3 Nxg2 38.a4 g5 39.a5 a6 40.Nd4 
Nh4 41.Rc4 g4 42.b4 Rb7 43.Kc1 Kf6 44.Kd2 Ng6 45.c3 Kg5 46.Ke3 h5 47.Nf5 
Rd7 48.Rc5 Kf6 49.Rc6+ Kg5 50.Rc5 Kf6 51.Rc6+ Kg5 52.Rxa6 Rd1 53.b5 Ne5 
54.b6 Nc4+ 55.Ke2 Rd2+ 56.Ke1 Rb2 57.Kd1 Kf4 58.Kc1 Rxh2 59.b7 Rh1+ 60.Kc2
Rh2+ 61.Kb3 Rb2+ 62.Kxc4 Rxb7 63.Rh6 Kxe4 1-0

[Event "5th Marlboro Classic"]
[Site "Manila/Bauang PHI"]
[Date "1977.11.04"]
[Round "12"]
[White "Shaw, Terrey Ian"]
[Black "Tarjan, James Edward"]
[WhiteElo "2385"]
[BlackElo "2495"]
[Result "0-1"]
[EventDate "1977.10.21"]
[PlyCount "78"]

1.e4 c5 2.Nc3 Nc6 3.g3 g6 4.Bg2 Bg7 5.d3 d6 6.f4 e6 7.Nf3 Nge7 8.O-O O-O 
9.Be3 Nd4 10.Qd2 Rb8 11.Rab1 b5 12.Ne2 Nec6 13.c3 Nxe2+ 14.Qxe2 b4 15.c4 
b3 16.a3 Qe7 17.Qf2 a5 18.Kh1 a4 19.Rbe1 Qc7 20.Re2 f5 21.e5 dxe5 22.fxe5 
Rd8 23.Bxc5 Nxe5 24.Nxe5 Bxe5 25.d4 Bf6 26.Rfe1 Qg7 27.Qf4 Bd7 28.Rd2 Rbc8
29.Qe3 Kh8 30.Bb6 Re8 31.c5 Qe7 32.Qd3 Qf7 33.Qc4 Bc6 34.Bxc6 Rxc6 35.Qxa4
Qd7 36.Qxb3 Bxd4 37.Red1 e5 38.Qc4 Qb7 39.Rxd4 Rxc5+ 0-1

[Event "5th Marlboro Classic"]
[Site "Manila/Bauang PHI"]
[Date "1977.11.04"]
[Round "12"]
[White "Torre, Eugenio"]
[Black "Bachtiar, Arovah"]
[WhiteElo "2550"]
[BlackElo "2335"]
[Result "1-0"]
[EventDate "1977.10.21"]
[PlyCount "80"]

1.c4 Nf6 2.Nc3 e5 3.Nf3 Nc6 4.e3 a6 5.d4 exd4 6.exd4 d5 7.Bg5 dxc4 8.Bxc4 
Be7 9.d5 Na5 10.Be2 O-O 11.Qd2 b5 12.O-O Nb7 13.Bxf6 Bxf6 14.Ne4 Nd6 15.
Nxf6+ Qxf6 16.Rac1 Bg4 17.Rxc7 Rad8 18.h3 Bxf3 19.Bxf3 Nc4 20.Qc2 Qf4 21.
Rc5 Nd2 22.Rd1 Nxf3+ 23.gxf3 Qxf3 24.Rc3 Qf6 25.Kg2 Rd6 26.Rf3 Qe5 27.Re3 
Qf6 28.b3 g6 29.Qe4 Rfd8 30.Rd4 Qg7 31.Rd2 f5 32.Qf3 Qf7 33.Re6 Qb7 34.Re5
Qf7 35.Re6 Qb7 36.Re5 Qf7 37.Qe3 R8d7 38.Re6 Rd8 39.Kg1 Qg7 40.Re7 Qa1+ {
time?} 1-0

[Event "5th Marlboro Classic"]
[Site "Manila/Bauang PHI"]
[Date "1977.11.05"]
[Round "13"]
[White "Bachtiar, Arovah"]
[Black "Balinas, Rosendo Carrean"]
[WhiteElo "2335"]
[BlackElo "2420"]
[Result "1-0"]
[EventDate "1977.10.21"]
[PlyCount "81"]

1.d4 Nf6 2.c4 b5 3.cxb5 Bb7 4.Nf3 a6 5.e3 e6 6.Nc3 Be7 7.bxa6 Nxa6 8.Be2 
c5 9.O-O Qb8 10.Ne5 O-O 11.Bf3 d5 12.Be2 Rd8 13.Bd2 Ne4 14.f3 Nd6 15.f4 
cxd4 16.exd4 Nf5 17.Bd3 Nb4 18.Bxf5 exf5 19.a3 Nc6 20.Ne2 Qa7 21.Bc3 Bf6 
22.Kh1 Qb6 23.Nxc6 Qxc6 24.Qd2 Ba6 25.Rfe1 Bh4 26.g3 Bf6 27.Bb4 Re8 28.Nc3
Qc4 29.Bc5 Rec8 30.Rac1 Rxc5 31.dxc5 Bb7 32.Ne4 Qa6 33.Nxf6+ gxf6 34.Qd4 
Qc6 35.Re3 Kg7 36.h3 Ra4 37.b4 Qa6 38.Kg1 Rxa3 39.Rxa3 Qxa3 40.Qc3 Qa7 41.
Qa1 1-0

[Event "5th Marlboro Classic"]
[Site "Manila/Bauang PHI"]
[Date "1977.11.05"]
[Round "13"]
[White "Cardoso, Rodolfo Tan"]
[Black "Sharif, Mehrshad"]
[WhiteElo "2320"]
[BlackElo "2360"]
[Result "0-1"]
[EventDate "1977.10.21"]
[PlyCount "72"]

1.e4 e5 2.Nf3 Nc6 3.Bb5 a6 4.Ba4 Nf6 5.O-O b5 6.Bb3 Bb7 7.Qe2 Bc5 8.c3 d6 
9.Rd1 Bb6 10.d4 Qe7 11.d5 Na5 12.Bc2 c6 13.dxc6 Bxc6 14.h3 O-O 15.Nbd2 Nh5
16.Nf1 h6 17.Ne1 Nf4 18.Bxf4 exf4 19.Qd2 Nc4 20.Qxf4 Nxb2 21.Qxd6 Qb7 22.
Rdb1 Nc4 23.Qf4 Na3 24.Rc1 Nxc2 25.Rxc2 Bxe4 26.Re2 Rfe8 27.Ng3 Bg6 28.
Rxe8+ Rxe8 29.Nf3 Qc8 30.Rc1 Qc5 31.Nh4 Bc7 32.Qg4 h5 33.Qf3 Qg5 34.Rd1 
Qxh4 35.Qc6 Rd8 36.Rxd8+ Qxd8 0-1

[Event "5th Marlboro Classic"]
[Site "Manila/Bauang PHI"]
[Date "1977.11.05"]
[Round "13"]
[White "Harandi, Khosro"]
[Black "Chandler, Murray Graham"]
[WhiteElo "2375"]
[BlackElo "2385"]
[Result "0-1"]
[EventDate "1977.10.21"]
[PlyCount "142"]

1.e4 c5 2.Nf3 Nc6 3.Bb5 g6 4.O-O Bg7 5.c3 e5 6.d4 cxd4 7.cxd4 Nxd4 8.Nxd4 
exd4 9.e5 Ne7 10.Bg5 O-O 11.Qxd4 Nf5 12.Qd2 Qb6 13.Nc3 Bxe5 14.Ba4 d6 15.
Nd5 Qxb2 16.Qxb2 Bxb2 17.Rab1 Be5 18.g4 Be6 19.Nc7 Nd4 20.f4 Bg7 21.Nxa8 
Rxa8 22.Bd1 b5 23.Rf2 Re8 24.Bh4 Bc4 25.Rd2 Re4 26.Bg3 a5 27.Kf2 b4 28.Bf3
Nxf3 29.Kxf3 d5 30.Rbd1 Re8 31.Bf2 a4 32.Rc1 Rb8 33.Bc5 h6 34.Bd6 Rb7 35.
Be5 f6 36.Bd4 Kf7 37.Re1 Bf8 38.Rb2 a3 39.Rc2 Bd3 40.Rd2 Be4+ 41.Ke3 b3 
42.axb3 Rxb3+ 43.Kf2 Rf3+ 44.Ke2 Bb4 45.Ra2 Rxf4 46.Rc1 Rxg4 47.Ke3 Bd6 
48.Rf2 Bf5 49.Rcf1 Re4+ 50.Kd3 Be5 51.Bxe5 fxe5 52.Kc3 d4+ 53.Kb4 Re3 54.
Rc1 Ke6 55.Rc5 Kd6 56.Ra5 Rc3 57.Re2 e4 58.Rd2 Rd3 59.Rc2 e3 60.Rcc5 Rd1 
61.Ra6+ Ke7 62.Re5+ Kf7 63.Ra7+ Kf6 64.Re8 Kg5 65.Rxa3 Bd7 66.Ra5+ Kf4 67.
Re7 Bf5 68.Rae5 Rc1 69.Rd5 d3 70.Rd4+ Kf3 71.Rf7 e2 0-1

[Event "5th Marlboro Classic"]
[Site "Manila/Bauang PHI"]
[Date "1977.11.05"]
[Round "13"]
[White "Kouatly, Bachar"]
[Black "Shaw, Terrey Ian"]
[WhiteElo "2340"]
[BlackElo "2385"]
[Result "1-0"]
[EventDate "1977.10.21"]
[PlyCount "89"]

1.d4 Nf6 2.c4 e6 3.Nc3 d5 4.Bg5 Be7 5.e3 O-O 6.Rc1 h6 7.h4 Ne4 8.Bxe7 Qxe7
9.g4 Nxc3 10.Rxc3 g6 11.f4 c5 12.Nf3 cxd4 13.exd4 Nc6 14.Ne5 Bd7 15.g5 
Nxe5 16.fxe5 dxc4 17.gxh6 Bc6 18.Rh2 b5 19.Qg4 Kh7 20.h5 Rg8 21.Rg3 Raf8 
22.a3 Be8 23.Bg2 f5 24.exf6 Qxf6 25.Be4 Qf1+ 26.Kd2 Qf4+ 27.Qxf4 Rxf4 28.
hxg6+ Bxg6 29.Bxg6+ Kh8 30.Ke3 Rf1 31.Rf2 Rh1 32.Rfg2 Rxh6 33.Be4 Rc8 34.
Kd2 a5 35.Rg6 Rh4 36.Rxe6 b4 37.d5 Rh3 38.d6 c3+ 39.bxc3 bxc3+ 40.Kc2 Rb8 
41.Bd3 a4 42.d7 Rb2+ 43.Kxc3 Rb3+ 44.Kc4 Rh4+ 45.Be4 1-0

[Event "5th Marlboro Classic"]
[Site "Manila/Bauang PHI"]
[Date "1977.11.05"]
[Round "13"]
[White "Tarjan, James Edward"]
[Black "Naranja, Renato"]
[WhiteElo "2495"]
[BlackElo "2345"]
[Result "1-0"]
[EventDate "1977.10.21"]
[PlyCount "48"]

1.e4 c5 2.Nf3 d6 3.d4 cxd4 4.Nxd4 Nf6 5.Nc3 e6 6.g4 a6 7.g5 Nfd7 8.Bg2 Nc6
9.Be3 Be7 10.h4 O-O 11.Qe2 Nxd4 12.Bxd4 e5 13.Be3 Nb6 14.O-O-O Be6 15.Bh3 
Re8 16.g6 hxg6 17.Bxe6 fxe6 18.Rdg1 Kf7 19.Qg4 Bf6 20.Qxg6+ Ke7 21.h5 Rh8 
22.h6 gxh6 23.Rxh6 Rxh6 24.Qxh6 Nd7 1-0